000 00322nam a22001457a 4500
008 241008b ||||| |||| 00| 0 eng d
020 _a9789951596312
041 _aSHQIP
080 _22010
_a38.1IAP
082 _a38.1IAP
100 _a38
101 _aIAP
245 _aFJALE PREJ GURI
_cSALI BYTYQI
942 _2udc
_cBK
999 _c60631
_d60631